[Event "Treviso op-B 4th"]
[Site "Treviso"]
[Date "2023.04.02"]
[Round "4"]
[White "Belloni, Umberto"]
[Black "Orsato, Lorenzo"]
[Result "1/2-1/2"]
[WhiteElo "1510"]
[BlackElo "1370"]
[PlyCount "136"]
[EventDate "2023.03.31"]
[EventType "swiss"]
[EventRounds "5"]
[EventCountry "ITA"]
[SourceTitle "EXT 2024"]
[Source "ChessBase"]
[SourceDate "2023.10.10"]
[SourceVersion "1"]
[SourceVersionDate "2023.10.10"]
[SourceQuality "1"]

1. d4 Nf6 2. Bf4 e6 3. e3 b6 4. c3 Bb7 5. Nd2 d6 6. f3 Nbd7 7. Qa4 a6 8. Rd1 b5 9. Qb3 Nd5 10. Nh3 e5 11. dxe5 dxe5 12. Bg5 f6 13. e4 Nc5 14. Qc2 Nxc3 15. Qxc3 fxg5 16. Qxe5+ Qe7 17. Qxg5 Qxg5 18. Nxg5 Be7 19. Nh3 Rd8 20. b3 Ne6 21. Nb1 Bb4+ 22. Nd2 Nd4 23. Bd3 Nxf3+ 24. gxf3 Rxd3 25. Ke2 Rd8 26. Nb1 Ke7 27. Rxd8 Rxd8 28. Nf2 Rf8 29. Nd3 Bd6 30. Nd2 Ke6 31. b4 Bc8 32. h4 g6 33. Ke3 a5 34. a3 axb4 35. axb4 c6 36. f4 Bc7 37. h5 g5 38. fxg5 Ke7 39. Rg1 Bb6+ 40. Nc5 Bxc5+ 41. bxc5 Be6 42. Nf3 b4 43. Ne5 b3 44. Nxc6+ Kf7 45. Rf1+ Ke8 46. Rxf8+ Kxf8 47. Kd2 Bg4 48. Kc3 Bxh5 49. Kxb3 Bf3 50. Ne5 Bxe4 51. Kc3 Kg7 52. Kd4 Bb7 53. Ke3 h6 54. gxh6+ Kxh6 55. Kf4 Kg7 56. Kg5 Kf8 57. Kf6 Ke8 58. Ke6 Bh1 59. Kd6 Kd8 60. Nc4 Kc8 61. Na5 Kd8 62. Nc6+ Kc8 63. Ne7+ Kd8 64. Nd5 Bxd5 65. Kxd5 Kd7 66. c6+ Kc7 67. Kc5 Kc8 68. Kb6 Kb8 1/2-1/2

[Event "Treviso op-B 4th"]
[Site "Treviso"]
[Date "2023.04.01"]
[Round "3"]
[White "Macek, Inti"]
[Black "Orsato, Lorenzo"]
[Result "1-0"]
[WhiteElo "1585"]
[BlackElo "1370"]
[PlyCount "73"]
[EventDate "2023.03.31"]
[EventType "swiss"]
[EventRounds "5"]
[EventCountry "ITA"]
[SourceTitle "EXT 2024"]
[Source "ChessBase"]
[SourceDate "2023.10.10"]
[SourceVersion "1"]
[SourceVersionDate "2023.10.10"]
[SourceQuality "1"]

1. d4 Nf6 2. Bg5 d5 3. Nf3 Bg4 4. e3 Nbd7 5. c4 e6 6. Nc3 Be7 7. cxd5 exd5 8. Be2 0-0 9. 0-0 c6 10. h3 Bh5 11. Qb3 Nb6 12. Ne5 Bxe2 13. Nxe2 Ne4 14. Bxe7 Qxe7 15. Qc2 f6 16. Nd3 Rfe8 17. Nc3 h5 18. Nf4 Qf7 19. Nxe4 dxe4 20. Qb3 Nd5 21. Nxd5 cxd5 22. Rac1 b6 23. Rc3 Rac8 24. Rfc1 Rxc3 25. Rxc3 Re7 26. Qb5 Kh7 27. Rc8 Rd7 28. Qc6 Qe7 29. Qa8 Kg6 30. Re8 Qd6 31. Rh8 Kg5 32. Qe8 g6 33. Rg8 f5 34. h4+ Kxh4 35. Qxg6 Qxg6 36. Rxg6 f4 37. Kh2 1-0